[Event "Loire-ch op"]
[Site "Loire"]
[Date "2004.03.06"]
[Round "3"]
[White "Gaillard, Pierre"]
[Black "Gidon, Rene"]
[Result "1-0"]
[WhiteElo "1690"]
[BlackElo "1530"]
[PlyCount "91"]
[EventDate "2004.01.10"]
[EventType "swiss"]
[EventRounds "9"]
[EventCountry "FRA"]
[SourceTitle "EXT 2008"]
[Source "ChessBase"]
[SourceDate "2007.11.25"]
[SourceVersion "1"]
[SourceVersionDate "2007.11.25"]
[SourceQuality "1"]

1. c4 e5 2. Nf3 Nc6 3. Nc3 Nf6 4. d3 d5 5. cxd5 Nxd5 6. g3 Bb4 7. Bd2 0-0 8. Bg2 Be6 9. 0-0 Qd7 10. Ng5 Nxc3 11. Bxc3 Bxc3 12. bxc3 Rad8 13. Qa4 Bd5 14. Bxd5 Qxd5 15. Rab1 b6 16. Rb5 Qd6 17. Qe4 f5 18. Qh4 h6 19. Nf3 a6 20. Qc4+ Kh8 21. Rb2 Rf6 22. h4 f4 23. Kg2 fxg3 24. fxg3 Rg6 25. Nd2 Na5 26. Qf7 Qc6+ 27. Ne4 Nb7 28. Kh2 Kh7 29. Qf5 Re8 30. h5 Ree6 31. hxg6+ Rxg6 32. Qxe5 Nd8 33. Qf5 Ne6 34. e3 Nc5 35. Nxc5 bxc5 36. Rb8 Qd6 37. Qf4 Qxd3 38. Rf2 Qxc3 39. Rc8 Qa5 40. Qe4 c4 41. Rf5 Qd2+ 42. Kh3 Qe1 43. Qf3 c3 44. Rff8 Rxg3+ 45. Qxg3 Qh1+ 46. Qh2 1-0

[Event "Loire-ch op"]
[Site "Loire"]
[Date "2004.01.10"]
[Round "1"]
[White "Gaillard, Pierre"]
[Black "Conesa, Antoine"]
[Result "1-0"]
[WhiteElo "1690"]
[BlackElo "1320"]
[PlyCount "107"]
[EventDate "2004.01.10"]
[EventType "swiss"]
[EventRounds "9"]
[EventCountry "FRA"]
[SourceTitle "EXT 2008"]
[Source "ChessBase"]
[SourceDate "2007.11.25"]
[SourceVersion "1"]
[SourceVersionDate "2007.11.25"]
[SourceQuality "1"]

1. e4 e5 2. Nc3 Nf6 3. Bc4 c6 4. Nf3 d6 5. d3 h6 6. h3 a5 7. a4 Nbd7 8. Be3 Nb6 9. Ba2 Be7 10. 0-0 Qc7 11. Qe2 d5 12. exd5 cxd5 13. Bxb6 Qxb6 14. Nxd5 Nxd5 15. Bxd5 Be6 16. Bxe6 Qxe6 17. Qxe5 0-0 18. Qxe6 fxe6 19. Rfe1 Rf6 20. c3 Raf8 21. d4 Rg6 22. Ne5 Rg5 23. Re4 Bd6 24. Rae1 Bxe5 25. dxe5 Rgf5 26. f3 Rg5 27. Kf2 Rgf5 28. Rd1 R5f7 29. Rd6 Re7 30. Ke3 g6 31. b4 Rc8 32. Kd3 Ra8 33. Red4 Ree8 34. Rc4 Kf8 35. b5 Rab8 36. Rc7 Re7 37. b6 Ke8 38. Ke4 Rxc7 39. bxc7 Rc8 40. Rxe6+ Kf7 41. Rf6+ Kg7 42. c4 Rxc7 43. Kd5 h5 44. Rd6 Kf7 45. f4 Re7 46. g4 h4 47. c5 Kg7 48. c6 bxc6+ 49. Kxc6 Kf8 50. Rxg6 Rf7 51. g5 Rxf4 52. Rf6+ Rxf6+ 53. gxf6 Kf7 54. Kb5 1-0

[Event "Orange op"]
[Site "Orange"]
[Date "1994.??.??"]
[Round "1"]
[White "Gaillard, Pierre"]
[Black "Sharif, Mershad"]
[Result "0-1"]
[WhiteElo "1650"]
[BlackElo "2455"]
[PlyCount "42"]
[EventDate "1994.??.??"]
[EventType "swiss"]
[EventRounds "9"]
[EventCountry "FRA"]
[SourceTitle "EXT 1999"]
[Source "ChessBase"]
[SourceDate "1998.11.16"]
[SourceVersion "1"]
[SourceVersionDate "1998.11.16"]
[SourceQuality "1"]

1. d4 c5 2. Nf3 Nf6 3. g3 cxd4 4. Bg2 e5 5. 0-0 Nc6 6. e3 dxe3 7. Bxe3 d5 8. Qe2 Be7 9. c4 0-0 10. cxd5 Nxd5 11. Rd1 Be6 12. Ng5 Bxg5 13. Bxg5 Qxg5 14. Bxd5 Nd4 15. Qe4 Bxd5 16. Qxd5 Nc2 17. f4 Qf6 18. Nc3 Nxa1 19. Rxa1 Qb6+ 20. Kh1 Qxb2 21. fxe5 Qxa1+ 0-1